| 000 | 01337cam a22003494a 4500 | ||
|---|---|---|---|
| 001 | 12617333 | ||
| 003 | ARRUPE | ||
| 005 | 20221130142539.0 | ||
| 008 | 011211s2002 njua 000 0 eng | ||
| 010 | _a 2001099369 | ||
| 020 | _a0691096570 | ||
| 028 | _bArrupe | ||
| 035 | _a(DLC) 2001099369 | ||
| 040 |
_aDLC _cDLC _dDLC |
||
| 042 | _apcc | ||
| 050 | 0 | 0 |
_aQB981 _b.L392 2002 |
| 082 | 0 | 0 |
_a523.1 _221 |
| 100 | 1 |
_aLevin, Janna. _952165 |
|
| 245 | 1 | 0 |
_aHow the universe got its spots : _bdiary of a finite time in a finite space / _cJanna Levin. |
| 260 |
_aPrinceton, N.J. : _bPrinceton University Press, _c2002. |
||
| 300 |
_a208 p. : _bill. ; _c24 cm. |
||
| 600 | 1 | 0 |
_aLevin, Janna _vCorrespondence. _952166 |
| 650 | 0 | _aCosmology. | |
| 650 | 0 |
_aCosmology _vPopular works. _917840 |
|
| 650 | 0 |
_aMathematicians _zUnited States _vCorrespondence. _952167 |
|
| 856 | 4 | 1 |
_3Sample text _uhttp://www.loc.gov/catdir/samples/prin031/2001099369.html |
| 856 | 4 | 1 |
_3Table of contents _uhttp://www.loc.gov/catdir/toc/prin031/2001099369.html |
| 856 | 4 | 2 |
_3Publisher description _uhttp://www.loc.gov/catdir/description/prin022/2001099369.html |
| 906 |
_a7 _bcbc _corignew _d2 _eepcn _f20 _gy-gencatlg |
||
| 942 |
_2lcc _cMONOGRAPH |
||
| 999 |
_c131621 _d131621 |
||